| 000 | 01036cam a2200313 a 4500 | ||
|---|---|---|---|
| 001 | 4471063 | ||
| 003 | OSt | ||
| 005 | 20140310181637.0 | ||
| 008 | 960607s1997 enk b 001 0 eng | ||
| 010 | _a 96024013 | ||
| 020 | _a0335195628 | ||
| 040 |
_aDLC _cDLC _dDLC |
||
| 043 | _ae-uk--- | ||
| 050 | 0 | 0 |
_aLB 3089.4 _b.H414 1997 |
| 082 | 0 | 0 |
_aTR 371.54 _bH39 1997 |
| 100 | 1 |
_aHayden, Carol, _d1955- |
|
| 245 | 1 | 0 |
_aChildren excluded from primary school : _bdebates, evidence, responses / _cCarol Hayden. |
| 260 |
_aUSA : _bOpen University Press, _c1997. |
||
| 300 |
_axiii, 169 p. ; _c24 cm. |
||
| 504 | _aIncludes bibliographical references (p. [155]-164) and index. | ||
| 521 | _aFaculty | ||
| 541 | _j1 | ||
| 562 | _e1 | ||
| 650 | 0 |
_aStudent expulsion _zGreat Britain. |
|
| 650 | 0 |
_aProblem children _xEducation _zGreat Britain. |
|
| 906 |
_a7 _bcbc _corignew _d1 _eocip _f19 _gy-gencatlg |
||
| 942 |
_2lcc _cBK-TR _kTR |
||
| 999 |
_c712 _d712 |
||